Differential equations with boundary-value problems (Record no. 478417)

000 -LEADER
fixed length control field 01370cam a2200349 a 4500
001 - CONTROL NUMBER
control field 15216420
003 - CONTROL NUMBER IDENTIFIER
control field NUST
005 - DATE AND TIME OF LATEST TRANSACTION
control field 20180529034807.0
008 - FIXED-LENGTH DATA ELEMENTS--GENERAL INFORMATION
fixed length control field 080312s2008 caua 001 0 eng
010 ## - LIBRARY OF CONGRESS CONTROL NUMBER
LC control number 2008924835
020 ## - INTERNATIONAL STANDARD BOOK NUMBER
International Standard Book Number 9780495108368
020 ## - INTERNATIONAL STANDARD BOOK NUMBER
International Standard Book Number 0495108367
038 ## - RECORD CONTENT LICENSOR
Staff Name SNS Library
040 ## - CATALOGING SOURCE
Original cataloging agency DLC
Transcribing agency DLC
Modifying agency DLC
050 00 - LIBRARY OF CONGRESS CALL NUMBER
Classification number QA371
Item number .Z55 2008
082 00 - DEWEY DECIMAL CLASSIFICATION NUMBER
Classification number 515.35
Edition number 22
100 1# - MAIN ENTRY--PERSONAL NAME
Personal name Zill, Dennis G.,
Dates associated with a name 1940-
9 (RLIN) 4603
245 10 - TITLE STATEMENT
Title Differential equations with boundary-value problems
Statement of responsibility, etc. Dennis G. Zill.
250 ## - EDITION STATEMENT
Edition statement 7th ed.
Remainder of edition statement Michael R. Cullen.
260 ## - PUBLICATION, DISTRIBUTION, ETC.
Place of publication, distribution, etc. Belmont, CA :
Name of publisher, distributor, etc. Brooks/Cole, Cengage Learning,
Date of publication, distribution, etc. c2009.
300 ## - PHYSICAL DESCRIPTION
Extent xv, 526, 23, 30, 9 p. :
Other physical details col. ill. ;
Dimensions 29 cm.
500 ## - GENERAL NOTE
General note Includes index.
650 #0 - SUBJECT ADDED ENTRY--TOPICAL TERM
Topical term or geographic name entry element Differential equations
Form subdivision Textbooks.
9 (RLIN) 4604
650 #0 - SUBJECT ADDED ENTRY--TOPICAL TERM
Topical term or geographic name entry element Boundary value problems
Form subdivision Textbooks.
9 (RLIN) 10573
700 1# - ADDED ENTRY--PERSONAL NAME
Personal name Cullen, Michael R.
9 (RLIN) 10574
856 41 - ELECTRONIC LOCATION AND ACCESS
Materials specified Table of contents only
Uniform Resource Identifier <a href="http://www.loc.gov/catdir/toc/fy0805/2008924835.html">http://www.loc.gov/catdir/toc/fy0805/2008924835.html</a>
856 42 - ELECTRONIC LOCATION AND ACCESS
Materials specified Publisher description
Uniform Resource Identifier <a href="http://www.loc.gov/catdir/enhancements/fy1212/2008924835-d.html">http://www.loc.gov/catdir/enhancements/fy1212/2008924835-d.html</a>
856 42 - ELECTRONIC LOCATION AND ACCESS
Materials specified Contributor biographical information
Uniform Resource Identifier <a href="http://www.loc.gov/catdir/enhancements/fy1302/2008924835-b.html">http://www.loc.gov/catdir/enhancements/fy1302/2008924835-b.html</a>
906 ## - LOCAL DATA ELEMENT F, LDF (RLIN)
a 7
b cbc
c orignew
d 2
e epcn
f 20
g y-gencatlg
942 ## - ADDED ENTRY ELEMENTS (KOHA)
Source of classification or shelving scheme
Koha item type Book
Holdings
Withdrawn status Lost status Source of classification or shelving scheme Damaged status Not for loan Permanent Location Current Location Date acquired Total Checkouts Full call number Barcode Checked out Date last seen Date last checked out Price effective from Koha item type
          School of Natural Sciences (SNS) School of Natural Sciences (SNS) 05/29/2018 8 515.35 SNS0002508 02/21/2026 01/22/2026 01/22/2026 05/29/2018 Book
© 2023 Central Library, National University of Sciences and Technology. All Rights Reserved.